00863nam a2200181 a 4500001000400000003000900004008004100013020001500054040002800069082001600097100002100113245004600134260004800180300001000228490001800238505040100256650002400657966CO-ViMGA141112s2004 ck r 000 u spa d a9681600614 aCO-ViMGAbspacCO-ViMGA04a340.01 R1211 aRadbruch, Gustav10aIntroducción a la filosofia del derecho aMexico Fondo de Cultura Económica, c1993 a192 p aBravarios, 42 aLas ciencias del derecho 9 - - La idea del derecho 31 - - El derecho positivo 46 - - El deerecho y otras formas culturales 53 - - Las grandes culturas juridicas 65 - - Las formas estilisticas del derecho 84 - - Las tendencias en la ciencia del derecho 96 - - La filosofia de la historia del derecho 128 - - La estética del derecho 134 - - Algunos problemas actuales de filosofia del derecho 15314aDERECHO - FILOSOFIA